000 00298nam a22001457a 4500
003 SGT
082 _a658.8,CAT
100 _aCATEORA,PHILIP R
245 _aINTERNATIONAL MARKETING
250 _a11TH
260 _aNEW DELHI
_bTMH
_c2002
300 _a693
650 _aMARKETING
942 _2ddc
_cBK
999 _c9669
_d9669